| 000 | 01031nas a2200361 4500 | ||
|---|---|---|---|
| 001 | BR8503381 | ||
| 003 | BR-BrBNA | ||
| 005 | 20231205090248.0 | ||
| 007 | ta | ||
| 008 | 230509b bl.|||p| |||| 00| 00por d | ||
| 040 |
_aBR-BrBNA _bpor _cBiblioteca Nacional de Agricultura |
||
| 041 | _a(Pt) | ||
| 072 | _aH20 | ||
| 100 | 1 | _aTanaka, M.A.S. | |
| 100 | 1 | _aUngaro, M.R.G. | |
| 245 | 1 | _aGirassol [doenca de planta] | |
| 650 | _aDOENCA DE PLANTA | ||
| 650 | _aGIRASSOL | ||
| 650 | _aCONTROLE QUIMICO | ||
| 650 | _aCONTROLE CULTURAL | ||
| 650 | _aFERRUGEM | ||
| 650 | _aALTERNARIOSE | ||
| 650 | _aMURCHA DE VERTICILLIUM | ||
| 650 | _aMILDIO | ||
| 650 | _aMANCHA BACTERIANA | ||
| 650 | _aMANCHA PRETA | ||
| 650 | _aNEMATOIDE | ||
| 650 | _aPODRIDAO SECA | ||
| 650 | _aPODRIDAO NEGRA | ||
| 773 | 0 |
_tInforme Agropecuario - Empresa de Pesquisa Agropecuaria de Minas Gerais (Brazil) _xISSN 0100-3364 _g(Mar 1985), v. 11(123) p. 55-58 _wBR8503381 |
|
| 909 |
_a202311 _bLúcia _c55 _dLúcia Elande |
||
| 942 |
_2AGRIS _n0 _cANA |
||
| 999 |
_c117198 _d117198 |
||